000 00814nam a2200253Ia 4500
003 OSt
005 20220923215413.0
006 a|||||r|||| 00| 0
007 ta
008 220922b |||||||| |||| 00| 0 hin d
024 _a178,393
037 _cTextual
040 _aARTS
_cARTS
_bhin
041 _2hin
_ahin
082 _aO152,1M50w, L8
100 _aमदनगोपाल
_9156277
245 0 _aभारतेन्दु हरिश्चन्द्र
246 _aBhāratendu harishchandra
260 _aनई दिल्ली
_b साहित्य अकादेमी
_c1978
300 _a65 पृ.
_ccm.
650 _aहिन्दी साहित्य
_9156264
942 _hO152,1M50w, L8
_cTEXL
_2CC
999 _c331775
_d331775